Surfaces on driveways (Record no. 115683)

MARC details
000 -LEADER
fixed length control field 01255cam a22002415a 4500
001 - CONTROL NUMBER
control field L159115
008 - FIXED-LENGTH DATA ELEMENTS--GENERAL INFORMATION
fixed length control field 160129s65 xxk f 000 0 eng d
035 ## - SYSTEM CONTROL NUMBER
System control number (Sirsi) u159115
041 0# - LANGUAGE CODE
Language code of text/sound track or separate title eng
100 1# - MAIN ENTRY--PERSONAL NAME
Personal name Yorke, Trevor
245 00 - TITLE STATEMENT
Title Surfaces on driveways
Remainder of title Part 3 Repairing and renovating exisiting driveways
260 ## - PUBLICATION, DISTRIBUTION, ETC.
Date of publication, distribution, etc. 2016
490 #0 - SERIES STATEMENT
Series statement Letting Update Journal
Volume/sequential designation 23 (4) January 2016, 21-23(3)
520 ## - SUMMARY, ETC.
Summary, etc. Last in a series of three articles on driveways looks at repairing and renovating existing driveways. Before carrying repair and renovation work the article suggests checking drainage, assessing the reasons for any ruts and dips which may have appeared such as poor foundations, tree roots. Suggests repair and renovation techniques for a variety of surfaces including concrete, tarmac, gravel and block pavements. Considers cleaning techniques varying from a simple brush and bucket to jet washing concluding with suitable paints and sealants for completing the task. Useful illustration. See Part 1 L158838 and Part 2 L159032.
590 ## - LOCAL NOTE (RLIN)
Local note KA
650 24 - SUBJECT ADDED ENTRY--TOPICAL TERM
Topical term or geographic name entry element DRIVEWAYS
650 24 - SUBJECT ADDED ENTRY--TOPICAL TERM
Topical term or geographic name entry element PARKING
650 24 - SUBJECT ADDED ENTRY--TOPICAL TERM
Topical term or geographic name entry element REPAIRS
650 24 - SUBJECT ADDED ENTRY--TOPICAL TERM
Topical term or geographic name entry element RENOVATION
651 #4 - SUBJECT ADDED ENTRY--GEOGRAPHIC NAME
Geographic name ENGLAND AND WALES
690 ## - LOCAL SUBJECT ADDED ENTRY--TOPICAL TERM (OCLC, RLIN)
Topical term or geographic name as entry element Residential property
9 (RLIN) 6266
942 ## - ADDED ENTRY ELEMENTS (KOHA)
Suppress in OPAC 0
Holdings
Withdrawn status Lost status Source of classification or shelving scheme Damaged status Not for loan Home library Current library Shelving location Date acquired Total Checkouts Full call number Barcode Date last seen Copy number Price effective from Koha item type
    Dewey Decimal Classification     London London Journal article 29/01/2016   L159115 159115-1001 06/08/2019 1 06/08/2019 Journal article